000 00688nam a22002417a 4500
003 OSt
005 20260601193859.0
008 260505b2004 mx a|||| |||| 00| 0 spa d
020 _a9709703269
040 _aICI
_bspa
_cICI
041 _aspa
050 _aND259.K33
_bF75 2003
245 _aFrida Kahlo :
_buna biografía.
260 _aMéxico :
_bSelector,
_c2003.
300 _a32 página :
501 _aIncluye referencias.
600 1 _aKahlo, Frida,
_d1907-1954
_xBiografía
_933618
600 _aPintoras
_xMéxico
_xBiografía
_933619
600 _aArte mexicano
_933620
600 _aPintura
_xMéxico
_933621
600 _aMujeres artistas
_xMéxico
_933622
942 _2lcc
_cB
_n1
999 _c22180
_d22180